01586nam a2200325 i 4500003000900000005001700009007000300026008004100029020001800070040003000088041000800118082001900126100004100145245003200186250002200218264004900240300002500289336002700314337003300341338002800374500007400402520029200476590002700768910001400795942001400809952013600823952014200959952014201101999001701243DO-SdBNP20250811114112.0ta250811t2025 dr 000 0 spa d z9789945656541 aDO-SdBNPbspacBNPHUerda aspa axxxxbP2272221 aParedes, Emiliaeautora4aut.92660213aEl premio /cEmilia Paredes aPrimera edición aSanto Domingo :bEditorial Santuario,c2025. a63 páginasc24 cm. atextobtxt2rdacontent asin mediaciónbn2rdamedia avolumenbnc2rdacarrier aIncluye datos biográficos de la autora en la solapa de la cubierta. a¿Y si te dijera que entre las manos ásperas de un plomero vivía el alma de un arquitecto de sueños? ¿Que detrás del silbido de un hombre montado en su mecedora hay un universo entero, hecho de luchas, risas, cicatrices… y una imaginación que alcanzó a predecir el futuro? aInventariado, 2025/ YL aYLockward 2ddccLBS1 00102ddc51708PDaBNPHUbBNPHUcCTd2025-08-04eDepósito Legall0oBNPHU PD xxxx P227p2025-8232r2025-08-11w2025-08-11yLBS1 00102ddc51708PDaBNPHUbBNPHUcCTd2025-08-04eDepósito Legall0oBNPHU PD xxxx P227p2025-8234r2025-08-11te. 2w2025-08-11yLBS1 00102ddc56708DSaBNPHUbBNPHUcCTd2025-08-04eDepósito Legall0oBNPHU DS xxxx P227p2025-8235r2025-08-11te. 3w2025-08-11yLBS1 c59757d59757